| 000 | 00332nam a2200121Ia 4500 | ||
|---|---|---|---|
| 008 | 180730s9999||||xx |||||||||||||| ||und|| | ||
| 020 | _a9788124112694 | ||
| 082 |
_a954 _bCHA/M |
||
| 100 | _aChandra,Satish | ||
| 245 | 0 | _aMedieval India From Saltanat to the Mughals(1526-1748) | |
| 260 |
_aNew Delhi _bHar/Anand Publications |
||
| 942 | _cBK | ||
| 999 |
_c731 _d731 |
||